Statistics for Premier League 2022/23 Players by Name - H

Click here to take the quiz!

General Stats

  • This quiz has been taken 47 times
  • The average score is 10 of 16

Answer Stats

ClubNationPositionPlayer% Correct
Nottingham ForestEnglandGKDean Henderson
100%
LiverpoolEnglandMFJordan Henderson
100%
ChelseaGermanyFWKai Havertz
100%
Manchester CityNorwayFWErling Haaland
97%
Tottenham HotspurDenmarkMFPierre-Emile Hojbjerg
85%
WolvesSouth KoreaFWHwang Hee-Chan
76%
Manchester UnitedEnglandGKTom Heaton
67%
Leeds UnitedEnglandFWJack Harrison
64%
ArsenalEnglandDFRob Holding
64%
Nottingham ForestWalesGKWayne Hennessey
61%
Crystal PalaceEnglandMFWill Hughes
48%
EvertonEnglandDFMason Holgate
45%
BrentfordScotlandDFAaron Hickey
36%
ArsenalEstoniaGKKarl Hein
30%
BrentfordEnglandDFRico Henry
30%
WolvesIrelandMFJoe Hodge
12%

Score Distribution

Percentile by Number Answered

Percent of People with Each Score

Your Score History

You have not taken this quiz